Ανάπλαση του υπαίθριου χώρου του τμήματος Περιβάλλοντος του Πανεπιστημίου Αιγαίου με βιοκλιματικά κριτήρια

Αποθηκεύτηκε σε:
Λεπτομέρειες βιβλιογραφικής εγγραφής
Κύριος συγγραφέας: Φαλούτσου, Μαρία
Συγγραφή απο Οργανισμό/Αρχή: Πανεπιστήμιο Αιγαίου. Σχολή Περιβάλλοντος. Τμήμα Περιβάλλοντος. Πρόγραμμα Μεταπτυχιακών Σπουδών Οικολογική Μηχανική και Κλιματική Αλλαγή
Άλλοι συγγραφείς: Χαραλαμπόπουλος, Δίας
Μορφή: Thesis Βιβλίο
Γλώσσα:Greek
Δημοσίευση: 2016.
Θέματα:
Διαθέσιμο Online:http://hdl.handle.net/11610/23872
Ετικέτες: Προσθήκη ετικέτας
Δεν υπάρχουν, Καταχωρήστε ετικέτα πρώτοι!

MARC

LEADER 00000cam a2200000 a 4500
001 1/114311
008 170608s2016####gr | ||| |||| ||gre||
040 |a GR-MyUa  |b gre  |c GR-MyUa  |e AACR2 
041 0 |a gre 
082 7 |a 577.22  |2 (23) 
100 1 |a Φαλούτσου, Μαρία. 
245 1 0 |a Ανάπλαση του υπαίθριου χώρου του τμήματος Περιβάλλοντος του Πανεπιστημίου Αιγαίου με βιοκλιματικά κριτήρια /   |c Μαρία Φαλούτσου ; επιβλέπων: Δίας Χαραλαμπόπουλος.  
260 |c 2016.  
300 |a 101 σ. :   |b εικ., πιν. ;   |c 30 εκ.  
502 |a Διατριβή (μεταπτυχιακή) - Πανεπιστήμιο Αιγαίου, Λέσβος, 2016.  
504 |a Βιβλιογραφία: σ. 95-101.  
506 0 |a Ηλεκτρονική διάθεση στο πλήρες κείμενο - ελεύθερης πρόσβασης.  
540 |a Κλειδωμένη η δυνατότητα αντιγραφής (copy) από το ηλεκτρονικό κείμενο.  
650 0 |a Bioclimatology. 
650 0 |a Open spaces. 
700 1 |a Χαραλαμπόπουλος, Δίας. 
710 2 |a Πανεπιστήμιο Αιγαίου.   |b Σχολή Περιβάλλοντος.   |b Τμήμα Περιβάλλοντος.   |b Πρόγραμμα Μεταπτυχιακών Σπουδών Οικολογική Μηχανική και Κλιματική Αλλαγή. 
852 |a INST  |b LESVOS  |c DIATR  |e 20170608  |h 290  |p 005100059456  |q 005100059456  |t MTXE  |y 23 
856 |u http://hdl.handle.net/11610/23872 
924 |a Φαλούτσου   |b Μαρία   |y Λέσβος  |z 2016-05 
970 |a Πατσή   |b Ανθίππη  |z 08-06-2017